Naturaleza urbana : (Registro nro. 18819)
[ vista simple ]
| 000 -CABECERA | |
|---|---|
| Campo de control | 00993nam a2200265 4500 |
| 005 - FECHA Y HORA DE LA ULTIMA TRANSACCION | |
| Campo de control | 20170909020001.0 |
| 008 - ELEMENTOS DE LONGITUD FIJA—INFORMACION GENERAL | |
| Campo de control | 160624s2016 ck ab|||r|||| 00| 0 spa d |
| 020 ## - ISBN | |
| ISBN | 9789588889696 (impreso) |
| 020 ## - ISBN | |
| ISBN | 9789588889702 (digital) |
| 040 ## - FUENTE DE CATALOGACIÓN | |
| Agencia catalogadora original | CO-BoIAVH |
| Agencia transcriptora | CO-BoIAVH |
| 041 0# - IDIOMA | |
| Código de idioma para texto/pista de sonido o título separado | Español |
| 044 ## - PAÍS DE PUBLICACIÓN | |
| País de publicación | Colombia |
| 082 04 - NUMERO DE CLASIFICACION DECIMAL DEWEY | |
| Número de clasificación | 354.35 |
| Número del ítem | N28u |
| 245 00 - MENCION DE TITULO | |
| Título | Naturaleza urbana : |
| Parte restante del título | Plataforma de experiencias / |
| Mención de responsabilidad | editado por María Angélica Mejía |
| 260 ## - PUBLICACION, DISTRIBUCION, ETC. (PIE DE IMPRENTA) | |
| Lugar de publicación, distribución, etc. | Bogotá, Colombia : |
| Nombre del editor, distribuidor, etc. | Instituto de Investigación de Recursos Biológicos Alexander von Humboldt, |
| Fecha de publicación, distribución, etc. | 2016. |
| 300 ## - DESCRIPCION FISICA | |
| Extensión | 208 páginas : |
| Otros detalles físicos | ilustraciones a color y mapas ; |
| Dimensiones | 25 x 20 cm. |
| 504 ## - NOTA DE BIBLIOGRAFIA, ETC. | |
| Nota de bibliografía | Incluye referencias bibliográficas |
| 650 24 - ASIENTO SECUNDARIO DE MATERIA - TERMINO TEMATICO | |
| Término temático o nombre geográfico como elemento de entrada | Biodiversidad urbana |
| 9 (RLIN) | 45175 |
| 650 24 - ASIENTO SECUNDARIO DE MATERIA - TERMINO TEMATICO | |
| Término temático o nombre geográfico como elemento de entrada | Servicios ecosistémicos urbanos |
| 9 (RLIN) | 72031 |
| 650 24 - ASIENTO SECUNDARIO DE MATERIA - TERMINO TEMATICO | |
| Término temático o nombre geográfico como elemento de entrada | Ecología urbana |
| 9 (RLIN) | 549 |
| 650 24 - ASIENTO SECUNDARIO DE MATERIA - TERMINO TEMATICO | |
| Término temático o nombre geográfico como elemento de entrada | Ordenamiento territorial urbano |
| 9 (RLIN) | 72032 |
| 651 26 - ASIENTO SECUNDARIO DE MATERIA - NOMBRE GEOGRAFICO | |
| Nombre geográfico | Colombia |
| 9 (RLIN) | 72033 |
| 700 1# - ASIENTO SECUNDARIO - NOMBRE PERSONAL | |
| Nombre personal | Mejía, María Angélica |
| Término de relación | editora |
| 9 (RLIN) | 72034 |
| 942 ## - ELEMENTOS ADICIONALES (KOHA) | |
| Sistema de clasificación | Dewey Decimal Classification |
| Tipo de ítem | Libro |
| Koha issues (borrowed), all copies | 1 |
| Withdrawn status | Lost status | Sistema de Clasificación | Damaged status | No para préstamo | Colección | Inventariado | Ubicación Permanente | Ubicación actual | Fecha de adquisición | Fuente de Valor | Valor | Total Checkouts | Total Renewals | Número topográfico | Inventario / Código de Barras | Date last seen | Date checked out | Ejemplar | Price effective from | Forma de adquisición | Tipo de material |
|---|---|---|---|---|---|---|---|---|---|---|---|---|---|---|---|---|---|---|---|---|---|
| Dewey Decimal Classification | Humboldt | Inventariado 2017 | Bogotá | Bogotá | 24/06/2016 | Instituto | 39000.00 | 4 | 1 | IAVH-354.35 N28u | 040486 | 19/09/2019 | 04/09/2019 | Ej. 1 | 24/06/2016 | Institucional | Libro | ||||
| Dewey Decimal Classification | Humboldt | Inventariado 2018 | Bogotá | Bogotá | 28/08/2018 | Instituto | 39000.00 | 2 | IAVH-354.35 N28u | 030234 | 29/08/2019 | 29/08/2019 | Ej. 3 | 28/08/2018 | Institucional | Libro | |||||
| Dewey Decimal Classification | Humboldt | Inventariado 2017 | Sala Fabio Quevedo | Sala Fabio Quevedo | 24/06/2016 | Instituto | 39000.00 | IAVH-354.35 N28u | 040487 | 24/06/2016 | Ej. 2 | 24/06/2016 | Institucional | Libro |